000 01222cam a2200205 4500
001 WB3927-18
008 030717n2003 000 0 eng u
035 _a(Sirsi) u123058
245 _aRights of Way Act consultation launched
260 _c2003
490 _aDEFRA Consultation Paper
_v11 July 2003 (15)
520 _a"Consultation paper on regulations relating to the removal or relaxation of general restrictions on access land under Part 1 of the Countryside and Rights of Way Act 2000" has been launched by DEFRA inviting views on proposals for regulations for implementing Part 1 of the Countryside and Rights of Way Act 2000. This provides a new statutory right of public access on foot for the purposes of open-air recreation, to open country and registered common land in England and land which is dedicated for access under s16 of the Act. Views are sought by 3 October 2003 and copies of the consultation document can be downloaded from http://www.defra.gov.uk/corporate/consult/landaccess/index.htm
590 _aWB
650 _aCOUNTRYSIDE AND RIGHTS OF WAY ACT 2000
650 _aCONSULTATION PAPERS
650 _aRIGHT OF WAY
650 _aACCESS RIGHTS
690 _aRural
_96268
942 _n0
999 _c73070
_d73070